00621nam a22002057a 450000500170000001000150001702000260003203500140005803700090007208200140008110000270009524500550012226000470017727000890022430000260031370000230033970000180036270000190038070000160039920220217114720.0 aENG-131650 a9789388096188c281.00 aEN-115182 bDBAD a530.02462 aRao, C.V. Madhusudhana aEngineering Physics/cC.V. Madhusudhana Rao et.al. aHyderabadbSpectrum Publishing Housec2020 a# 326/C, III Floor, Surneni Nilayam Near B K Guda Park, S R NagarbHyderabade500038 axvi, 320p.c24cm(pbk) aReddy, P. Srinivas aKumar, D. Raj aReddy, K. Raji aSharada, K.